Practical measuring made easy to the meanest capacity, by a new set of tables ... A new edition, revised by T. Crosby (Record no. 113585)

MARC details
000 -LEADER
fixed length control field 00676cam a22002055a 4500
001 - CONTROL NUMBER
control field L155472
008 - FIXED-LENGTH DATA ELEMENTS--GENERAL INFORMATION
fixed length control field 120326s1803 xxk f 000 0 eng d
035 ## - SYSTEM CONTROL NUMBER
System control number (Sirsi) u155472
041 0# - LANGUAGE CODE
Language code of text/sound track or separate title eng
100 1# - MAIN ENTRY--PERSONAL NAME
Personal name Hoppus, E.
Fuller form of name (Edward)
Dates associated with a name d. 1739
245 00 - TITLE STATEMENT
Title Practical measuring made easy to the meanest capacity, by a new set of tables ... A new edition, revised by T. Crosby
250 ## - EDITION STATEMENT
Edition statement 14th ed.
260 ## - PUBLICATION, DISTRIBUTION, ETC.
Place of publication, distribution, etc. York
Name of publisher, distributor, etc. T. Wilson & R. Spence
Date of publication, distribution, etc. 1803
300 ## - PHYSICAL DESCRIPTION
Extent lxxvi, 207 p.
Other physical details plate; illus
Dimensions 12o
583 ## - ACTION NOTE
Action Condition reviewed
Time/date of action 20120620
Status condition level 1
651 #4 - SUBJECT ADDED ENTRY--GEOGRAPHIC NAME
Geographic name Great Britain
Chronological subdivision 1707-
690 ## - LOCAL SUBJECT ADDED ENTRY--TOPICAL TERM (OCLC, RLIN)
Topical term or geographic name as entry element Measurement
9 (RLIN) 6256
700 1# - ADDED ENTRY--PERSONAL NAME
Personal name Crosby, T.
Fuller form of name (Thomas)
942 ## - ADDED ENTRY ELEMENTS (KOHA)
Suppress in OPAC 0
Holdings
Withdrawn status Lost status Source of classification or shelving scheme Damaged status Not for loan Home library Current library Shelving location Date acquired Total Checkouts Full call number Barcode Date last seen Copy number Price effective from Koha item type
    Dewey Decimal Classification     Historic collection Historic collection Historic collection 26/03/2012   OCTAVO 1803 HOPPUS 30076800 06/08/2019 1 06/08/2019 Book